[Event "Kowalewo Pomorskie op-B 17th"]
[Site "Kowalewo Pomorskie"]
[Date "2010.07.06"]
[Round "4"]
[White "Stepinski, Stanislaw"]
[Black "Kowal, Mieczyslaw"]
[Result "0-1"]
[WhiteElo "1861"]
[BlackElo "1791"]
[PlyCount "36"]
[EventDate "2010.07.04"]
[EventType "swiss"]
[EventRounds "9"]
[EventCountry "POL"]
[SourceTitle "EXT 2011"]
[Source "ChessBase"]
[SourceDate "2010.11.26"]
[SourceVersion "1"]
[SourceVersionDate "2010.11.26"]
[SourceQuality "1"]

1. d4 Nf6 2. c4 d5 3. Nc3 c6 4. e3 Bf5 5. Qb3 b6 6. Nf3 e6 7. cxd5 exd5 8. Be2 Bd6 9. 0-0 0-0 10. Nh4 Be6 11. Nf3 Ne4 12. Qc2 f5 13. Ne5 Qh4 14. f4 c5 15. Rf3 cxd4 16. exd4 Nd7 17. Rh3 Qf2+ 18. Kh1 Qe1+ 0-1

[Event "Lubawka op"]
[Site "Lubawka"]
[Date "2009.07.29"]
[Round "1"]
[White "Shishkin, Vadim"]
[Black "Stepinski, Stanislaw"]
[Result "1-0"]
[WhiteElo "2498"]
[BlackElo "1992"]
[PlyCount "67"]
[EventDate "2009.06.29"]
[EventType "swiss"]
[EventRounds "9"]
[EventCountry "POL"]
[SourceTitle "CBM 131 Extra"]
[Source "ChessBase"]
[SourceDate "2009.09.03"]
[SourceVersion "2"]
[SourceVersionDate "2009.09.16"]
[SourceQuality "1"]

1. d4 c6 2. c4 d5 3. Nc3 e6 4. Nf3 dxc4 5. a4 Bb4 6. e3 b5 7. Bd2 Bb7 8. b3 a5 9. axb5 Bxc3 10. Bxc3 cxb5 11. bxc4 b4 12. Bb2 Nf6 13. Bd3 0-0 14. 0-0 Nbd7 15. Nd2 Qe7 16. f4 Rfd8 17. Qe2 a4 18. Rab1 g6 19. e4 a3 20. Ba1 Nb6 21. c5 Na4 22. Rxb4 Nxc5 23. dxc5 Qxc5+ 24. Rd4 Rxd4 25. Nb3 Qb6 26. Bxd4 Qxb3 27. Bxf6 a2 28. Ba1 Rd8 29. Bc4 Qb6+ 30. Kh1 Rc8 31. f5 Qb1 32. fxe6 Bxe4 33. exf7+ Kf8 34. Bxa2 1-0

[Event "Lubawka op"]
[Site "Lubawka"]
[Date "2009.07.03"]
[Round "7"]
[White "Stepinski, Stanislaw"]
[Black "Lahiri, Atanu"]
[Result "0-1"]
[WhiteElo "1992"]
[BlackElo "2332"]
[PlyCount "46"]
[EventDate "2009.06.29"]
[EventType "swiss"]
[EventRounds "9"]
[EventCountry "POL"]
[SourceTitle "CBM 131 Extra"]
[Source "ChessBase"]
[SourceDate "2009.09.03"]
[SourceVersion "2"]
[SourceVersionDate "2009.09.16"]
[SourceQuality "1"]

1. d4 Nf6 2. Bg5 c5 3. Bxf6 gxf6 4. dxc5 Na6 5. e3 Nxc5 6. Nf3 a6 7. Nbd2 d6 8. c3 f5 9. b4 Nd7 10. Qc2 Bg7 11. Rb1 Nf6 12. c4 a5 13. a3 axb4 14. axb4 Ne4 15. Nxe4 fxe4 16. Nd2 Bf5 17. Be2 d5 18. cxd5 Qxd5 19. Bc4 Qc6 20. Qb3 0-0 21. Bd5 Qc3 22. Qxc3 Bxc3 23. Ke2 Bxd2 0-1

[Event "Lubawka op"]
[Site "Lubawka"]
[Date "2009.07.02"]
[Round "5"]
[White "Galyga, Jozef"]
[Black "Stepinski, Stanislaw"]
[Result "1-0"]
[WhiteElo "1944"]
[BlackElo "1992"]
[PlyCount "109"]
[EventDate "2009.06.29"]
[EventType "swiss"]
[EventRounds "9"]
[EventCountry "POL"]
[SourceTitle "CBM 131 Extra"]
[Source "ChessBase"]
[SourceDate "2009.09.03"]
[SourceVersion "2"]
[SourceVersionDate "2009.09.16"]
[SourceQuality "1"]

1. e4 c6 2. d3 d5 3. Nd2 dxe4 4. dxe4 e6 5. Ngf3 Be7 6. Be2 Nf6 7. 0-0 0-0 8. a4 c5 9. c3 Nc6 10. Qc2 Qc7 11. Nc4 b6 12. e5 Nd5 13. Qe4 Ba6 14. Bd3 g6 15. Bh6 Bxc4 16. Bxc4 Rfd8 17. Rad1 Bf8 18. Bxf8 Kxf8 19. Bxd5 Rxd5 20. Rxd5 exd5 21. Qxd5 Rd8 22. Qe4 Re8 23. Re1 Kg7 24. h4 h6 25. h5 g5 26. Qf5 Re6 27. Qe4 Qe7 28. Qd5 g4 29. Nd2 Nxe5 30. Re2 f5 31. Nc4 Kf6 32. Nxe5 Rxe5 33. Rxe5 Qxe5 34. Qd8+ Qe7 35. Qh8+ Kg5 36. g3 Kxh5 37. Qg8 f4 38. Qd5+ Kg6 39. gxf4 Qf6 40. Qe4+ Kg7 41. Kg2 h5 42. Kg3 Qd6 43. Qe5+ Qf6 44. Qxh5 Qc6 45. Qxg4+ Kf7 46. Qf5+ Kg7 47. Qe5+ Kf7 48. f5 Qxa4 49. Qe6+ Kf8 50. f6 Qe8 51. Qxe8+ Kxe8 52. Kf4 b5 53. Ke5 b4 54. cxb4 cxb4 55. Kd4 1-0

[Event "Lubawka op"]
[Site "Lubawka"]
[Date "2009.07.02"]
[Round "6"]
[White "Walas, Aleksandra"]
[Black "Stepinski, Stanislaw"]
[Result "1-0"]
[WhiteElo "1862"]
[BlackElo "1992"]
[PlyCount "87"]
[EventDate "2009.06.29"]
[EventType "swiss"]
[EventRounds "9"]
[EventCountry "POL"]
[SourceTitle "CBM 131 Extra"]
[Source "ChessBase"]
[SourceDate "2009.09.03"]
[SourceVersion "2"]
[SourceVersionDate "2009.09.16"]
[SourceQuality "1"]

1. e4 c6 2. Nc3 d5 3. Nf3 Bg4 4. h3 Bh5 5. exd5 cxd5 6. g4 Bg6 7. Bb5+ Nc6 8. Ne5 Rc8 9. d4 e6 10. a3 a6 11. Nxc6 bxc6 12. Bxa6 Rb8 13. Bd3 Bd6 14. Bxg6 hxg6 15. b4 Nf6 16. Bg5 Qc7 17. Bxf6 gxf6 18. Na4 Qa7 19. Nc5 Bxc5 20. dxc5 Qc7 21. Qd4 Ke7 22. h4 e5 23. Qe3 g5 24. h5 Qc8 25. f3 Qa6 26. Qd3 Qa4 27. Kd2 Qb5 28. c4 Qxc4 29. Qxc4 dxc4 30. Kc3 Rhd8 31. Rhd1 Ke6 32. Kxc4 f5 33. Rd6+ Rxd6 34. gxf5+ Ke7 35. cxd6+ Kxd6 36. Rg1 f6 37. Rd1+ Kc7 38. h6 Rh8 39. Rh1 Rh7 40. Kc5 e4 41. fxe4 g4 42. a4 g3 43. Rg1 Rxh6 44. Rxg3 1-0

[Event "Lubawka op 3rd"]
[Site "Lubawka"]
[Date "2008.07.06"]
[Round "2"]
[White "Krueger, Norbert"]
[Black "Stepinski, Stanislaw"]
[Result "1-0"]
[WhiteElo "2121"]
[BlackElo "2046"]
[PlyCount "113"]
[EventDate "2008.07.05"]
[EventType "swiss"]
[EventRounds "9"]
[EventCountry "POL"]
[SourceTitle "CBM 125 Extra"]
[Source "ChessBase"]
[SourceDate "2008.09.01"]
[SourceVersion "1"]
[SourceVersionDate "2008.09.01"]
[SourceQuality "1"]

1. e4 c6 2. d4 d5 3. Nc3 dxe4 4. Nxe4 Bf5 5. Ng3 Bg6 6. Bc4 e6 7. N1e2 Bd6 8. h4 h6 9. Nf4 Bxf4 10. Bxf4 Nf6 11. Qe2 Nd5 12. Bd2 Bxc2 13. Nh5 Rg8 14. Bxh6 gxh6 15. Qxc2 Qa5+ 16. Kf1 Ne3+ 17. fxe3 Qxh5 18. Qe2 Qf5+ 19. Kg1 Nd7 20. Rf1 Qg6 21. Bd3 f5 22. e4 0-0-0 23. exf5 exf5 24. Bxf5 Qd6 25. Qe5 Qd5 26. Qxd5 cxd5 27. Rh3 Kb8 28. Re3 Nb6 29. Re7 Nc4 30. Bh3 Rgf8 31. b3 Nd2 32. Rff7 Rxf7 33. Rxf7 Re8 34. Rh7 Re1+ 35. Kf2 Ra1 36. Rh8+ Kc7 37. Rc8+ Kb6 38. Rc2 Ne4+ 39. Ke3 Re1+ 40. Kf4 Nd6 41. Rd2 Re4+ 42. Kg3 Nb5 43. Bf5 Rxd4 44. Rxd4 Nxd4 45. Bd3 Kc5 46. Kg4 Kd6 47. Kh5 Ne6 48. Kxh6 Nf4 49. Bf1 d4 50. g3 Nd5 51. h5 Nc3 52. Bd3 Ke5 53. Kg5 Nd5 54. h6 Nb4 55. Bf1 Nc6 56. h7 Nd8 57. h8Q+ 1-0

[Event "Lubawka op 2nd"]
[Site "Lubawka"]
[Date "2007.07.08"]
[Round "2"]
[White "Zombirt, Filip"]
[Black "Stepinski, Stanislaw"]
[Result "1-0"]
[WhiteElo "1891"]
[BlackElo "2088"]
[PlyCount "61"]
[EventDate "2007.07.07"]
[EventType "swiss"]
[EventRounds "9"]
[EventCountry "POL"]
[SourceTitle "CBM 119 Extra"]
[Source "ChessBase"]
[SourceDate "2007.09.04"]
[SourceVersion "1"]
[SourceVersionDate "2007.09.04"]
[SourceQuality "1"]

1. e4 c6 2. d4 d5 3. Nc3 dxe4 4. Nxe4 Bf5 5. Ng3 Bg6 6. h4 h6 7. Nf3 Nd7 8. h5 Bh7 9. Bd3 Bxd3 10. Qxd3 e6 11. Bf4 Ngf6 12. 0-0-0 Nd5 13. Bd2 Qc7 14. c4 Nf4 15. Qe4 Nxg2 16. Ne5 Nxe5 17. dxe5 0-0-0 18. Bc3 Be7 19. Qxg2 Bg5+ 20. Kb1 Rxd1+ 21. Rxd1 Rd8 22. Qf3 Qb6 23. Rxd8+ Qxd8 24. Kc2 f5 25. exf6 Bxf6 26. Bxf6 gxf6 27. Qe3 Qd6 28. Qxh6 f5 29. Nxf5 Qe5 30. Qf8+ Kc7 31. Qg7+ 1-0